000 00799nam a2200217Ia 4500
003 GCL
008 140319s9999 xx 000 0 ara d
020 _a4129215977
040 _aGCL /
_cGCL
082 0 4 _a025.4
_bإ ت
100 1 _aامروث ، جون فيليب
245 1 0 _aتصنيف مكتبة الكونجرس : موجز ارشادى و نماذج تطبيقية /
_cامروث ، جون فيليب
700 1 _aمحسن السيد العرينى
260 _aالقاهرة :
_bدار غريب للطباعة والنشر والتوزيع ،
_c1994
300 _a315 ص ؛
_c24 سم
650 0 4 _aمكتبة الاسكندرية القديمة
650 0 4 _aالمكتبات
650 0 4 _aالتصنيف
650 0 4 _aتصنيف مكتبة الكونجرس
942 _2ddc
_cBK
999 _c30297
_d30297